Podział Bielska-Białej na 30 osiedli - Statystyki

Ogólne statystyki
  • Ten quiz został rozwiązany 50 razy
  • Średni wynik to 14 z 30
Statystyki odpowiedzi
Hint Odpowiedź % Poprawnych
Osiedle Złote Łany
80%
Osiedle Karpackie
77%
Miejscowośćdołączona Wapienica
77%
Miejscowośćdołączona Hałcnów
67%
Osiedle Kopernika
67%
Miejscowośćdołączona Lipnik
63%
Miejscowośćdołączona Stare Bielsko
63%
Osiedle Beskidzkie
60%
Osiedle Polskich Skrzydeł
60%
Miejscowośćdołączona Straconka
60%
Miejscowośćdołączona Kamienica
53%
Osiedle Wojska Polskiego
53%
Biała Biała Śródmieście
50%
Miejscowośćdołączona Komorowice Krakowskie
50%
Miejscowośćdołączona Mikuszowice Śląskie
50%
Bielsko Śródmieście Bielsko
47%
Miejscowośćdołączona Mikuszowice Krakowskie
43%
Miejscowośćdołączona Komorowice Śląskie
37%
Miejscowośćdołączona Leszczyny
37%
Osiedle Słoneczne
37%
Miejscowośćdołączona Aleksandrowice
30%
Osiede Grunwaldzkie
30%
Biała Biała Krakowska
27%
Bielsko Górne Przedmieście
27%
Bielsko Dolne Przedmieście
23%
Biała Biała Północ
20%
Biała Biała Wschód
17%
Bielsko Bielsko Południe
17%
Osiedle Mieszka I
17%
Osiedle Piastowskie
13%
Nie znaleziono quizów pasujących do podanych kryteriów
Rozkład punktacji
Procent ludzi z każdym wynikiem
Percentyl według liczby udzielonych odpowiedzi
Twoja historia wyników
Nie rozwiązałeś tego quizu